[Event "Goiania FEXEG Cup"]
[Site "Goiania"]
[Date "2020.02.16"]
[Round "5"]
[White "Quirino, Rafael David"]
[Black "Valcarcel, Marianne Barbosa"]
[Result "1-0"]
[WhiteElo "1452"]
[BlackElo "1241"]
[PlyCount "81"]
[EventDate "2020.02.14"]
[EventType "swiss"]
[EventRounds "5"]
[EventCountry "BRA"]
[SourceTitle "CBM 195 Extra"]
[Source "ChessBase"]
[SourceDate "2020.05.31"]
[SourceVersion "1"]
[SourceVersionDate "2020.05.31"]
[SourceQuality "1"]

1. e4 d6 2. d4 Nf6 3. Nc3 g6 4. f3 Bg7 5. Be3 0-0 6. Qd2 e5 7. d5 c6 8. Bh6 Nh5 9. Bxg7 Kxg7 10. 0-0-0 Qc7 11. Kb1 Rd8 12. g4 Nf4 13. Nge2 Nxe2 14. Bxe2 cxd5 15. Nxd5 Qc6 16. Rdg1 Be6 17. Ne7 Qd7 18. Nf5+ Bxf5 19. gxf5 d5 20. fxg6 fxg6 21. h4 dxe4 22. Qxd7+ Rxd7 23. fxe4 Nc6 24. h5 Re8 25. hxg6 hxg6 26. a3 Rd2 27. Bd3 Rf8 28. Rh3 Rff2 29. Rgh1 Kf6 30. Rh7 Nd4 31. Rc1 Ne2 32. Bxe2 Rfxe2 33. Rxb7 Rxe4 34. Rxa7 g5 35. Rf1+ Kg6 36. b4 g4 37. Rg1 Kg5 38. Rg7+ Kf4 39. R7xg4+ Ke3 40. Re1+ Kf3 41. Rgxe4 1-0

[Event "Goiania FEXEG Cup"]
[Site "Goiania"]
[Date "2020.02.15"]
[Round "2"]
[White "Valcarcel, Marianne Barbosa"]
[Black "Rezende, Uelton Fabricius Al"]
[Result "0-1"]
[WhiteElo "1241"]
[BlackElo "1748"]
[PlyCount "50"]
[EventDate "2020.02.14"]
[EventType "swiss"]
[EventRounds "5"]
[EventCountry "BRA"]
[SourceTitle "CBM 195 Extra"]
[Source "ChessBase"]
[SourceDate "2020.05.31"]
[SourceVersion "1"]
[SourceVersionDate "2020.05.31"]
[SourceQuality "1"]

1. c4 Nf6 2. Nc3 g6 3. Nf3 Bg7 4. g3 0-0 5. Bg2 d6 6. 0-0 e5 7. Qc2 a5 8. d4 Nc6 9. dxe5 dxe5 10. a3 Nd4 11. Nxd4 exd4 12. Ne4 a4 13. Bg5 Bf5 14. Qd2 Bxe4 15. Bxe4 Nxe4 16. Bxd8 Nxd2 17. Rfd1 Nb3 18. Be7 Rfe8 19. Rab1 Rxe7 20. e3 dxe3 21. fxe3 Rxe3 22. Re1 Rae8 23. Rxe3 Rxe3 24. Kf2 Bd4 25. Kg2 Re2+ 0-1

[Event "Brasilia LBX Cup 05"]
[Site "Brasilia"]
[Date "2019.05.19"]
[Round "6"]
[White "Valcarcel, Marianne Barbosa"]
[Black "De Siqueira, Luigy Lira"]
[Result "0-1"]
[WhiteElo "1690"]
[BlackElo "1903"]
[PlyCount "102"]
[EventDate "2019.05.16"]
[EventType "swiss"]
[EventRounds "6"]
[EventCountry "BRA"]
[SourceTitle "CBM 190 Extra"]
[Source "ChessBase"]
[SourceDate "2019.07.15"]
[SourceVersion "1"]
[SourceVersionDate "2019.07.15"]
[SourceQuality "1"]

1. e4 e5 2. f4 d5 3. d3 dxe4 4. Nc3 Bb4 5. Bd2 exf4 6. Nxe4 Bxd2+ 7. Qxd2 Qe7 8. 0-0-0 Nc6 9. Re1 Be6 10. Nf3 h6 11. Nc3 0-0-0 12. d4 Nf6 13. Bc4 Qd6 14. Bxe6+ fxe6 15. Ne4 Nxe4 16. Rxe4 g5 17. Rhe1 Rhe8 18. c4 Re7 19. d5 exd5 20. cxd5 Rxe4 21. Rxe4 Qxd5 22. Qxd5 Rxd5 23. Re6 Rd6 24. Re8+ Kd7 25. Re4 a5 26. Ne5+ Nxe5 27. Rxe5 b6 28. Rf5 Ke6 29. Rf8 Ke5 30. Kc2 Rf6 31. Re8+ Re6 32. Rc8 c5 33. Kc3 Ke4 34. Rd8 Ke3 35. Rd3+ Kf2 36. Rd2+ Ke1 37. Kc2 Re2 38. Rxe2+ Kxe2 39. Kc3 b5 40. Kc2 a4 41. Kc3 Kf2 42. Kd3 Kxg2 43. Ke4 f3 44. Kd5 b4 45. Kxc5 b3 46. axb3 axb3 47. Kb4 f2 48. Kxb3 f1Q 49. Ka2 Qe2 50. Ka3 Qxb2+ 51. Kxb2 Kxh2 0-1

[Event "Brasilia LBX Cup 05"]
[Site "Brasilia"]
[Date "2019.05.18"]
[Round "4"]
[White "Xavier, Kayo Henrique Campo"]
[Black "Valcarcel, Marianne Barbosa"]
[Result "0-1"]
[WhiteElo "1755"]
[BlackElo "1690"]
[PlyCount "70"]
[EventDate "2019.05.16"]
[EventType "swiss"]
[EventRounds "6"]
[EventCountry "BRA"]
[SourceTitle "CBM 190 Extra"]
[Source "ChessBase"]
[SourceDate "2019.07.15"]
[SourceVersion "1"]
[SourceVersionDate "2019.07.15"]
[SourceQuality "1"]

1. e4 e5 2. Nf3 Nc6 3. d4 exd4 4. Nxd4 Be7 5. Nf5 Bf6 6. Nc3 Nge7 7. Nd5 Nxd5 8. exd5 Ne7 9. Qe2 0-0 10. Qg4 Nxf5 11. Bd3 Re8+ 12. Be2 Nd4 13. 0-0 Nxe2+ 14. Kh1 Nxc1 15. Raxc1 d6 16. Qa4 Bd7 17. Qb4 b6 18. c4 Re5 19. f4 Re3 20. Qd2 Qe7 21. Rce1 Re8 22. Rxe3 Qxe3 23. Qd1 Bxb2 24. h3 Qg3 25. Qf3 Qxf3 26. Rxf3 Re4 27. Rf2 Bd4 28. Rf1 c6 29. dxc6 Bxc6 30. Rd1 Rxf4 31. c5 dxc5 32. Re1 h6 33. Re7 Rf2 34. Re1 Rxg2 35. Re8+ Kh7 0-1

[Event "BRA-ch U12 Girls"]
[Site "Florianopolis"]
[Date "2019.04.19"]
[Round "2"]
[White "Valcarcel, Marianne Barbosa"]
[Black "Grigoli, Maria Eduarda"]
[Result "1-0"]
[WhiteElo "1189"]
[BlackElo "1796"]
[PlyCount "55"]
[EventDate "2019.04.18"]
[EventType "swiss"]
[EventRounds "6"]
[EventCountry "BRA"]
[SourceTitle "CBM 190 Extra"]
[Source "ChessBase"]
[SourceDate "2019.07.15"]
[SourceVersion "1"]
[SourceVersionDate "2019.07.15"]
[SourceQuality "1"]

1. Nf3 Nc6 2. g3 e5 3. d3 Bc5 4. Bg2 d6 5. 0-0 Nf6 6. Nbd2 0-0 7. c3 a6 8. b4 Ba7 9. e3 Ne7 10. d4 Ng6 11. Qc2 c6 12. Bb2 exd4 13. exd4 Re8 14. Rfe1 Ng4 15. Rxe8+ Qxe8 16. Re1 Be6 17. Ng5 Qd7 18. Nxe6 fxe6 19. Qb3 Re8 20. Bh3 N6e5 21. dxe5 Bxf2+ 22. Kf1 Bxe1 23. Kxe1 Nxe5 24. Ne4 h6 25. c4 Nf3+ 26. Qxf3 Rf8 27. Qg4 Re8 28. Nf6+ 1-0

[Event "Brasilia Etapa do Rei op"]
[Site "Brasilia"]
[Date "2019.??.??"]
[Round "5"]
[White "Valcarcel, Marianne Barbosa"]
[Black "Guedes, Luis Augusto Maio"]
[Result "0-1"]
[WhiteElo "1747"]
[BlackElo "1813"]
[PlyCount "66"]
[EventDate "2019.03.22"]
[EventType "swiss"]
[EventRounds "6"]
[EventCountry "BRA"]
[SourceTitle "CBM 190 Extra"]
[Source "ChessBase"]
[SourceDate "2019.07.15"]
[SourceVersion "1"]
[SourceVersionDate "2019.07.15"]
[SourceQuality "1"]

1. e4 c5 2. Nf3 a6 3. c3 d6 4. d4 cxd4 5. cxd4 g6 6. Nc3 Bg7 7. Be3 e6 8. Bd3 Nf6 9. Qd2 0-0 10. Bh6 b5 11. 0-0 Bb7 12. Bxg7 Kxg7 13. e5 dxe5 14. dxe5 Nfd7 15. Be4 Nc6 16. b4 Ndxe5 17. Qxd8 Nxf3+ 18. Bxf3 Rfxd8 19. Rfd1 Rxd1+ 20. Rxd1 Rd8 21. Rxd8 Nxd8 22. Bxb7 Nxb7 23. f4 f5 24. Kf2 Kf6 25. g3 Nd6 26. a4 h6 27. Ke3 Ke7 28. Kd4 Kf6 29. Kc5 Ne4+ 30. Kd4 Nxc3 31. Kxc3 bxa4 32. Kb2 e5 33. Ka3 e4 0-1

[Event "Brasilia Marista op IRT"]
[Site "Brasilia"]
[Date "2018.08.26"]
[Round "1.6"]
[White "Valcarcel, Marianne Barbosa"]
[Black "Barbosa, Edinardo Meireles"]
[Result "0-1"]
[WhiteElo "1181"]
[BlackElo "1676"]
[PlyCount "90"]
[EventDate "2018.08.26"]
[EventType "swiss"]
[EventRounds "5"]
[EventCountry "BRA"]
[SourceTitle "CBM 186 Extra"]
[Source "ChessBase"]
[SourceDate "2018.08.24"]
[SourceVersion "1"]
[SourceVersionDate "2018.08.24"]
[SourceQuality "1"]

1. e4 e6 2. d4 d5 3. exd5 exd5 4. Nf3 Nf6 5. Bd3 Be7 6. 0-0 0-0 7. Re1 Re8 8. c4 Bg4 9. Nc3 c6 10. g3 Bxf3 11. Qxf3 dxc4 12. Bxc4 Qxd4 13. Qe2 Bf8 14. Be3 Qe5 15. Rad1 Nbd7 16. Bd4 Qxe2 17. Rxe2 Rxe2 18. Nxe2 Re8 19. Bxa7 b6 20. Nd4 Rc8 21. Rd3 Bc5 22. Nb3 Bf8 23. Nd4 Bc5 24. Nb3 Be7 25. Nd4 Bf8 26. Rc3 Rc7 27. Bxb6 Nxb6 28. Bb5 c5 29. Nb3 Nfd5 30. Rc1 Nf4 31. Rc2 Nbd5 32. a4 Ne6 33. a5 Nb4 34. Rc1 Nf4 35. a6 Nfd5 36. Na5 Nxa6 37. Bxa6 Ra7 38. Nb7 Rxa6 39. Nxc5 Rc6 40. Nd3 Rxc1+ 41. Nxc1 Bd6 42. Na2 f6 43. Kf1 Kf7 44. Ke2 Nb4 45. Nxb4 Bxb4 0-1

[Event "Sao Paulo op-C U1700 7th"]
[Site "Sao Paulo"]
[Date "2018.03.31"]
[Round "3"]
[White "Kojima, Rodrigo Yosuke"]
[Black "Valcarcel, Marianne Barbosa"]
[Result "1-0"]
[WhiteElo "1514"]
[BlackElo "1195"]
[PlyCount "39"]
[EventDate "2018.03.30"]
[EventType "swiss"]
[EventRounds "6"]
[EventCountry "BRA"]
[SourceTitle "EXT 2021"]
[Source "ChessBase"]
[SourceDate "2020.10.23"]
[SourceVersion "1"]
[SourceVersionDate "2020.10.23"]
[SourceQuality "1"]

1. d4 Nf6 2. Nf3 d6 3. Bf4 g6 4. h3 Bg7 5. e3 0-0 6. Bc4 d5 7. Bb3 Nbd7 8. c4 dxc4 9. Bxc4 Nb6 10. Bb3 Bf5 11. 0-0 c6 12. Be5 Nfd7 13. Bxg7 Kxg7 14. Nc3 Re8 15. e4 Be6 16. Bxe6 fxe6 17. Ng5 e5 18. Ne6+ Kg8 19. Nxd8 Raxd8 20. Qb3+ 1-0

[Event "Pocos de Caldas op"]
[Site "Pocos de Caldas"]
[Date "2018.03.04"]
[Round "6"]
[White "Valcarcel, Marianne Barbosa"]
[Black "Gomes, Guilherme Rodrigues"]
[Result "0-1"]
[WhiteElo "1195"]
[BlackElo "1594"]
[PlyCount "78"]
[EventDate "2018.03.02"]
[EventType "swiss"]
[EventRounds "6"]
[EventCountry "BRA"]
[SourceTitle "CBM 183 Extra"]
[Source "ChessBase"]
[SourceDate "2018.04.19"]
[SourceVersion "1"]
[SourceVersionDate "2018.04.19"]
[SourceQuality "1"]

1. e4 c5 2. Nf3 d6 3. d4 cxd4 4. Nxd4 Nf6 5. Nc3 Nc6 6. Bc4 Qb6 7. Nf3 Bg4 8. 0-0 Qb4 9. Bb3 e6 10. a3 Qa5 11. h3 Bh5 12. Qd3 Bxf3 13. Qxf3 Nd4 14. Qd3 Nxb3 15. cxb3 Be7 16. Bg5 Qxg5 17. f4 Qc5+ 18. Kh2 h5 19. b4 Ng4+ 20. Kh1 Nf2+ 21. Kh2 Nxd3 22. bxc5 Nxc5 23. Nb5 0-0 24. e5 dxe5 25. fxe5 a6 26. Nd6 Bxd6 27. exd6 Rad8 28. Rad1 Ne4 29. Rd4 Nf6 30. Rc1 Nd5 31. Rcd1 Rxd6 32. b4 Rc6 33. a4 b5 34. axb5 axb5 35. g4 hxg4 36. hxg4 Rc2+ 37. R1d2 Rfc8 38. Rxc2 Rxc2+ 39. Kg3 Rc4 0-1

[Event "Sao Paulo Carnaval op"]
[Site "Sao Paulo"]
[Date "2018.02.11"]
[Round "4"]
[White "Valcarcel, Marianne Barbosa"]
[Black "Do Prado, Hamilton Mesquita"]
[Result "1/2-1/2"]
[WhiteElo "1202"]
[BlackElo "1753"]
[PlyCount "45"]
[EventDate "2018.02.10"]
[EventType "swiss"]
[EventRounds "7"]
[EventCountry "BRA"]
[SourceTitle "CBM 183 Extra"]
[Source "ChessBase"]
[SourceDate "2018.04.19"]
[SourceVersion "1"]
[SourceVersionDate "2018.04.19"]
[SourceQuality "1"]

1. e4 e5 2. Nf3 Nf6 3. Nc3 Nc6 4. Bc4 Bc5 5. 0-0 0-0 6. d3 h6 7. Be3 d6 8. d4 exd4 9. Nxd4 Ne5 10. Bb3 c6 11. h3 b5 12. Nf3 Bxe3 13. fxe3 Qb6 14. Qd4 Nxf3+ 15. Rxf3 Qxd4 16. exd4 b4 17. Ne2 Nxe4 18. Rd1 d5 19. c4 bxc3 20. bxc3 Ba6 21. Ng3 f5 22. Rc1 Rab8 23. Nh5 1/2-1/2

[Event "Sao Paulo IRT 2nd"]
[Site "Sao Paulo"]
[Date "2017.12.09"]
[Round "1.5"]
[White "Haraguchi, Matheus Sashaki"]
[Black "Valcarcel, Marianne Barbosa"]
[Result "1/2-1/2"]
[WhiteElo "1772"]
[BlackElo "1219"]
[PlyCount "104"]
[EventDate "2017.12.09"]
[EventType "swiss"]
[EventRounds "5"]
[EventCountry "BRA"]
[SourceTitle "EXT 2022"]
[Source "ChessBase"]
[SourceDate "2021.10.06"]
[SourceVersion "1"]
[SourceVersionDate "2021.10.06"]
[SourceQuality "1"]

1. c4 c5 2. Nc3 Nf6 3. g3 g6 4. Bg2 Bg7 5. Nf3 0-0 6. 0-0 Nc6 7. d3 d5 8. cxd5 Nxd5 9. Nxd5 Qxd5 10. Nd2 Qd7 11. Rb1 b6 12. a3 Bb7 13. b4 cxb4 14. axb4 Rac8 15. Qa4 e6 16. Ba3 Rfd8 17. Qb3 Nd4 18. Qd1 Bxg2 19. Kxg2 Qc6+ 20. e4 Qc2 21. Qxc2 Nxc2 22. Bb2 Bxb2 23. Rxb2 Rxd3 24. Nf3 a5 25. bxa5 bxa5 26. Ne5 Ra3 27. Kg1 a4 28. Rc1 Rac3 29. Ra2 a3 30. Nd7 Nb4 31. Rxc3 Rxc3 32. Ra1 Rb3 33. Nc5 Rc3 34. Na4 Rc2 35. Rxa3 Rc1+ 36. Kg2 Rc2 37. Rc3 Ra2 38. Nc5 Re2 39. Kf3 Rc2 40. Rxc2 Nxc2 41. Ke2 Kg7 42. f4 Nd4+ 43. Kd3 Nc6 44. g4 f5 45. Nxe6+ Kf6 46. exf5 gxf5 47. gxf5 Kxf5 48. Ng5 Kxf4 49. Nxh7 Kf3 50. Kc4 Kg4 51. Kc5 Kh3 52. Kxc6 Kxh2 1/2-1/2

[Event "Brasilia Centro Oeste-ch"]
[Site "Brasilia"]
[Date "2017.09.23"]
[Round "4"]
[White "Castellar, Juarez Iorio"]
[Black "Valcarcel, Marianne Barbosa"]
[Result "1-0"]
[WhiteElo "1336"]
[BlackElo "1251"]
[PlyCount "49"]
[EventDate "2017.09.22"]
[EventType "swiss"]
[EventRounds "6"]
[EventCountry "BRA"]
[SourceTitle "CBM 180 Extra"]
[Source "ChessBase"]
[SourceDate "2017.10.06"]
[SourceVersion "1"]
[SourceVersionDate "2017.10.06"]
[SourceQuality "1"]

1. d4 d5 2. Bf4 Nf6 3. Nf3 g6 4. e3 Bg7 5. Be2 0-0 6. c3 Nc6 7. Ne5 Bd7 8. Nd2 Ne4 9. Nxe4 dxe4 10. Bc4 Nxe5 11. dxe5 Be6 12. Qe2 Qd7 13. Rd1 Qc6 14. Bxe6 Qxe6 15. a3 f6 16. exf6 Qxf6 17. 0-0 Qb6 18. Rd7 e5 19. Bg3 Kh8 20. Rfd1 Bf6 21. Qc4 Rad8 22. Rxd8 Bxd8 23. Rxd8 Rxd8 24. Bxe5+ Qf6 25. Bxf6# 1-0

[Event "Brasilia Centro Oeste-ch"]
[Site "Brasilia"]
[Date "2017.09.23"]
[Round "3"]
[White "De Siqueira, Luigy Lira"]
[Black "Valcarcel, Marianne Barbosa"]
[Result "1-0"]
[WhiteElo "1432"]
[BlackElo "1251"]
[PlyCount "51"]
[EventDate "2017.09.22"]
[EventType "swiss"]
[EventRounds "6"]
[EventCountry "BRA"]
[SourceTitle "CBM 180 Extra"]
[Source "ChessBase"]
[SourceDate "2017.10.06"]
[SourceVersion "1"]
[SourceVersionDate "2017.10.06"]
[SourceQuality "1"]

1. e4 c5 2. Nf3 d6 3. d4 cxd4 4. Nxd4 Nf6 5. Nc3 g6 6. Be3 Bg7 7. Be2 0-0 8. 0-0 e5 9. Ndb5 Nc6 10. Nxd6 Ng4 11. Nxc8 Nxe3 12. fxe3 Rxc8 13. Bg4 Rc7 14. Nd5 f5 15. Nxc7 fxg4 16. Rxf8+ Qxf8 17. Qd5+ Qf7 18. c3 Ne7 19. Qd8+ Qf8 20. Rd1 Nc6 21. Qd5+ Kh8 22. Ne6 Qf6 23. Qd7 Ne7 24. Rf1 Qh4 25. Qd8+ Bf8 26. Rxf8+ 1-0

[Event "Brasilia IRT Marista U2300"]
[Site "Brasilia"]
[Date "2017.08.13"]
[Round "4.9"]
[White "Santos, Saymon Silva"]
[Black "Valcarcel, Marianne Barbosa"]
[Result "1-0"]
[WhiteElo "1468"]
[BlackElo "1252"]
[PlyCount "53"]
[EventDate "2017.08.12"]
[EventType "swiss"]
[EventRounds "5"]
[EventCountry "BRA"]
[SourceTitle "EXT 2022"]
[Source "ChessBase"]
[SourceDate "2021.10.06"]
[SourceVersion "1"]
[SourceVersionDate "2021.10.06"]
[SourceQuality "1"]

1. d4 d5 2. c4 e6 3. Nc3 Nf6 4. a3 g6 5. Nf3 Bg7 6. Bg5 0-0 7. e4 h6 8. Bxf6 Bxf6 9. e5 Bg7 10. Be2 b6 11. cxd5 Bb7 12. dxe6 fxe6 13. Rc1 Nc6 14. 0-0 Qd7 15. Qd3 Rad8 16. Rcd1 Na5 17. Qxg6 Qf7 18. Qxf7+ Rxf7 19. b4 Nc6 20. Bc4 Re7 21. Rfe1 Ree8 22. d5 exd5 23. Nxd5 Nxe5 24. Nxe5 Rxe5 25. Nf6+ Kh8 26. Rxd8+ Re8 27. Rdxe8+ 1-0

[Event "Goiania IRT U2200 1st"]
[Site "Goiania"]
[Date "2017.06.25"]
[Round "5.7"]
[White "Valcarcel, Marianne Barbosa"]
[Black "Raggiotto, Mauro Cezar"]
[Result "1-0"]
[WhiteElo "1759"]
[BlackElo "1423"]
[PlyCount "53"]
[EventDate "2017.06.24"]
[EventType "swiss"]
[EventRounds "5"]
[EventCountry "BRA"]
[SourceTitle "EXT 2022"]
[Source "ChessBase"]
[SourceDate "2021.10.06"]
[SourceVersion "1"]
[SourceVersionDate "2021.10.06"]
[SourceQuality "1"]

1. e4 e5 2. Nf3 Nc6 3. Bc4 Bc5 4. d3 Nf6 5. 0-0 d6 6. Bg5 0-0 7. Nc3 Be6 8. Nd5 Bxd5 9. Bxd5 h6 10. Bxf6 Qxf6 11. Qd2 Rab8 12. Ne1 Ne7 13. c3 c6 14. Bb3 d5 15. exd5 cxd5 16. Rd1 d4 17. cxd4 Bxd4 18. Nf3 Rbd8 19. Nxd4 Rxd4 20. Rfe1 Ng6 21. Rc1 Nf4 22. Qe3 Nxd3 23. Rcd1 Nxe1 24. Rxd4 Nxg2 25. Kxg2 exd4 26. Qe4 Qg6+ 27. Qxg6 1-0

[Event "Goiania IRT U2200 1st"]
[Site "Goiania"]
[Date "2017.06.24"]
[Round "1.8"]
[White "Valcarcel, Marianne Barbosa"]
[Black "Passos, Rafael Moreira"]
[Result "0-1"]
[WhiteElo "1759"]
[BlackElo "1496"]
[PlyCount "60"]
[EventDate "2017.06.24"]
[EventType "swiss"]
[EventRounds "5"]
[EventCountry "BRA"]
[SourceTitle "EXT 2022"]
[Source "ChessBase"]
[SourceDate "2021.10.06"]
[SourceVersion "1"]
[SourceVersionDate "2021.10.06"]
[SourceQuality "1"]

1. e4 e5 2. Nf3 Nc6 3. d4 exd4 4. Nxd4 Bc5 5. Nxc6 Qf6 6. Qe2 dxc6 7. Be3 Bxe3 8. Qxe3 Qxb2 9. Qc3 Qxc3+ 10. Nxc3 Be6 11. Rd1 Nf6 12. Bd3 0-0 13. 0-0 Rad8 14. e5 Nd5 15. Nxd5 cxd5 16. Rb1 b6 17. Rfd1 c5 18. f4 c4 19. Be2 Bf5 20. Rd2 f6 21. h3 fxe5 22. fxe5 Rfe8 23. Rf1 Be4 24. Bf3 Bxf3 25. gxf3 Rxe5 26. Rfd1 h6 27. f4 Rf5 28. Kg2 b5 29. Kf3 g5 30. Kg4 Rxf4+ 0-1

[Event "Goiania IRT U2200 1st"]
[Site "Goiania"]
[Date "2017.06.24"]
[Round "3.10"]
[White "Valcarcel, Marianne Barbosa"]
[Black "Silva, Heitor Imidio De Ol"]
[Result "1-0"]
[WhiteElo "1759"]
[BlackElo "1760"]
[PlyCount "77"]
[EventDate "2017.06.24"]
[EventType "swiss"]
[EventRounds "5"]
[EventCountry "BRA"]
[SourceTitle "EXT 2022"]
[Source "ChessBase"]
[SourceDate "2021.10.06"]
[SourceVersion "1"]
[SourceVersionDate "2021.10.06"]
[SourceQuality "1"]

1. e4 e5 2. Nf3 Nc6 3. Nc3 Nf6 4. Bc4 Bb4 5. Ng5 d5 6. exd5 Na5 7. Bb5+ c6 8. dxc6 bxc6 9. Be2 h6 10. Nf3 Bxc3 11. bxc3 e4 12. Nd4 c5 13. Nb3 Nxb3 14. cxb3 0-0 15. 0-0 h5 16. d4 exd3 17. Qxd3 Qxd3 18. Bxd3 g6 19. Bh6 Rd8 20. Rad1 Ng4 21. Bf4 Bf5 22. Bxf5 Rxd1 23. Rxd1 gxf5 24. h3 Nf6 25. b4 cxb4 26. cxb4 a5 27. a3 axb4 28. axb4 Ra4 29. Rb1 Ne4 30. b5 Nc3 31. Rb3 Ra1+ 32. Kh2 Ne2 33. b6 Nxf4 34. b7 Ne2 35. b8Q+ Kg7 36. Qe5+ f6 37. Qxf5 Nd4 38. Rb7+ Kh6 39. Rh7# 1-0

[Event "Goiania op"]
[Site "Goiania"]
[Date "2017.05.28"]
[Round "6"]
[White "Silva, Heitor Imidio De Ol"]
[Black "Valcarcel, Marianne Barbosa"]
[Result "1/2-1/2"]
[WhiteElo "1760"]
[BlackElo "1739"]
[PlyCount "24"]
[EventDate "2017.05.26"]
[EventType "swiss"]
[EventRounds "6"]
[EventCountry "BRA"]
[SourceTitle "CBM 178 Extra"]
[Source "ChessBase"]
[SourceDate "2017.06.22"]
[SourceVersion "1"]
[SourceVersionDate "2017.06.22"]
[SourceQuality "1"]

1. e4 c5 2. Nf3 d6 3. Nc3 Nf6 4. Bb5+ Bd7 5. Bxd7+ Qxd7 6. d3 g6 7. 0-0 Bg7 8. Nd5 0-0 9. Bg5 Nxd5 10. exd5 Re8 11. d4 cxd4 12. Nxd4 b5 1/2-1/2

[Event "Caldas Novas op 1st"]
[Site "Caldas Novas"]
[Date "2017.03.12"]
[Round "6"]
[White "Muniz, Julia Cunha"]
[Black "Valcarcel, Marianne Barbosa"]
[Result "1-0"]
[WhiteElo "1187"]
[BlackElo "1739"]
[PlyCount "85"]
[EventDate "2017.03.10"]
[EventType "swiss"]
[EventRounds "6"]
[EventCountry "BRA"]
[SourceTitle "CBM 177 Extra"]
[Source "ChessBase"]
[SourceDate "2017.04.27"]
[SourceVersion "1"]
[SourceVersionDate "2017.04.27"]
[SourceQuality "1"]

1. e4 c5 2. d4 cxd4 3. c3 dxc3 4. Nxc3 g6 5. Bc4 Bg7 6. Nf3 d6 7. 0-0 Nf6 8. Be3 0-0 9. Qd2 Nc6 10. Bh6 Ne5 11. Nxe5 dxe5 12. Qxd8 Rxd8 13. Be3 Bg4 14. h3 Rac8 15. Bb3 Be6 16. Bxe6 fxe6 17. Bxa7 Rc4 18. f3 Rd2 19. Rab1 Rb4 20. b3 Rc2 21. Bc5 Rb5 22. Nxb5 Rxc5 23. Na3 Nh5 24. Rfc1 Ra5 25. Nc4 Rc5 26. Nd2 Rxc1+ 27. Rxc1 Nf4 28. Rc7 b6 29. Rxe7 Ne2+ 30. Kf2 Nd4 31. Rb7 b5 32. a4 bxa4 33. bxa4 Nc6 34. Rb6 Nd4 35. a5 Bf8 36. a6 Bc5 37. Rb7 Nc6+ 38. Ke2 Kf8 39. Rc7 Nd4+ 40. Kd3 Nb3 41. a7 Bxa7 42. Rxa7 Nc5+ 43. Kc4 1-0

[Event "Caldas Novas op 1st"]
[Site "Caldas Novas"]
[Date "2017.03.12"]
[Round "5"]
[White "Valcarcel, Marianne Barbosa"]
[Black "Bocca, Edson Ricardo"]
[Result "0-1"]
[WhiteElo "1739"]
[BlackElo "1652"]
[PlyCount "92"]
[EventDate "2017.03.10"]
[EventType "swiss"]
[EventRounds "6"]
[EventCountry "BRA"]
[SourceTitle "CBM 177 Extra"]
[Source "ChessBase"]
[SourceDate "2017.04.27"]
[SourceVersion "1"]
[SourceVersionDate "2017.04.27"]
[SourceQuality "1"]

1. e4 e5 2. Nf3 Nc6 3. Bc4 d6 4. h3 a6 5. d3 h6 6. 0-0 Be6 7. Bxe6 fxe6 8. d4 exd4 9. Nxd4 Nxd4 10. Qxd4 Qf6 11. Be3 Qxd4 12. Bxd4 e5 13. Bc3 Nf6 14. Re1 g5 15. Nd2 0-0-0 16. Rad1 Be7 17. Nc4 g4 18. hxg4 Nxg4 19. Ne3 Nxe3 20. Rxe3 Bg5 21. Ree1 Rd7 22. Rd3 Rg7 23. Rg3 Rhg8 24. Rd1 Rg6 25. Bd2 Kd7 26. Bxg5 Rxg5 27. Rxg5 Rxg5 28. Kf1 Rh5 29. Ke2 Ke6 30. Ke3 c6 31. g3 Rg5 32. Rh1 Rg6 33. f4 Rxg3+ 34. Kf2 exf4 35. Rxh6+ Ke5 36. Rh7 Kxe4 37. Re7+ Kd5 38. Rxb7 Rh3 39. Rf7 Rh2+ 40. Kf3 Rxc2 41. Rf5+ Ke6 42. Rxf4 Rxb2 43. Re4+ Kd5 44. Ra4 Rb6 45. Ke3 c5 46. Ra3 Ke5 0-1